Environmental economics: theory management and policy (Record no. 158166)
[ view plain ]
| 000 -LEADER | |
|---|---|
| fixed length control field | 00686nam a2200241Ia 4500 |
| 003 - CONTROL NUMBER IDENTIFIER | |
| control field | OSt |
| 005 - DATE AND TIME OF LATEST TRANSACTION | |
| control field | 20230405154644.0 |
| 008 - FIXED-LENGTH DATA ELEMENTS--GENERAL INFORMATION | |
| fixed length control field | 210423s2008 xx 000 0 und d |
| 020 ## - INTERNATIONAL STANDARD BOOK NUMBER | |
| International Standard Book Number | 9788120317437 |
| 040 ## - CATALOGING SOURCE | |
| Transcribing agency | AL |
| 041 ## - LANGUAGE CODE | |
| Language code of text/sound track or separate title | eng |
| 082 ## - DEWEY DECIMAL CLASSIFICATION NUMBER | |
| Classification number | 333.7 JHIM |
| 100 ## - MAIN ENTRY--PERSONAL NAME | |
| Personal name | JHINGAN (M L);SHARMA (Chandar K) |
| 9 (RLIN) | 83785 |
| 245 ## - TITLE STATEMENT | |
| Title | Environmental economics: theory management and policy |
| 250 ## - EDITION STATEMENT | |
| Edition statement | 2 |
| 260 ## - PUBLICATION, DISTRIBUTION, ETC. | |
| Place of publication, distribution, etc. | New Delhi |
| Name of publisher, distributor, etc. | Vrinda Publications Ltd |
| Date of publication, distribution, etc. | 2008 |
| 300 ## - PHYSICAL DESCRIPTION | |
| Extent | xiv,603 |
| Other physical details | PB |
| 365 ## - TRADE PRICE | |
| Price amount | 250 |
| Currency code | INR |
| 650 ## - SUBJECT ADDED ENTRY--TOPICAL TERM | |
| Topical term or geographic name entry element | Economics |
| 9 (RLIN) | 83786 |
| 650 ## - SUBJECT ADDED ENTRY--TOPICAL TERM | |
| Topical term or geographic name entry element | Natural Resources & Energy |
| 9 (RLIN) | 83787 |
| 906 ## - LOCAL DATA ELEMENT F, LDF (RLIN) | |
| a | economics: ; Environmental ; management ; policy ; theory |
| 942 ## - ADDED ENTRY ELEMENTS (KOHA) | |
| Source of classification or shelving scheme | Dewey Decimal Classification |
| Koha item type | Book |
| Withdrawn status | Lost status | Damaged status | Not for loan | Collection code | Home library | Current library | Date acquired | Source of acquisition | Cost, normal purchase price | Total Checkouts | Total Renewals | Full call number | Barcode | Date last seen | Date last checked out | Price effective from | Koha item type |
|---|---|---|---|---|---|---|---|---|---|---|---|---|---|---|---|---|---|
| Economics | St Aloysius PG Library | St Aloysius PG Library | 07/13/2010 | Athulya Books | 250.00 | 9 | 1 | 333.7 JHIM | PG004643 | 09/19/2025 | 09/09/2025 | 04/26/2021 | Book |